000
00326nam a2200133Ia 4500
008
220204s9999 xx 000 0 und d
082
_a
159.9
_b
ADL
100
_a
Adler, Alfred
245
0
_a
Understanding human nature
260
_a
New York
_b
Fawcett
_c
1927
650
_a
Human behaviour
650
_a
Psychology
942
_c
BK
999
_c
20676
_d
20676